| 000 | 00991 a2200181 4500 | ||
|---|---|---|---|
| 003 | NUST | ||
| 005 | 20221202181220.0 | ||
| 020 | _a8187317086 | ||
| 040 | _cNust | ||
| 082 | _a020,IYE | ||
| 100 |
_aIyer, V.K. _9104050 |
||
| 245 |
_aManagement of library information services / _cV.K. Iyer |
||
| 260 |
_aNew Delhi _bRajat _c1998 |
||
| 300 | _a296 p.: | ||
| 505 | _aLibrary And Information Sciences (Page-1), Theories And Practice Of Information Sciences (Page-58), Information Policies And Plans (Page-76),Communication In Libraries And Information Centres (Page-105), Marketing Strategies For Librarians (Page-127), Strategic Marketing For Information Centres (Page-143), Modern Library And Information Centre Management (Page-162), Foundation And Development Of Modern Library (Page-168), Communication Of Information (Page-221), Scientific Management Of Libraries (Page-234), Managing Technical Services (Page-257). | ||
| 650 |
_aLibrary management _9104051 |
||
| 942 |
_cBK _2ddc _k020,IYE |
||
| 999 |
_c174944 _d174944 |
||